Statistiken für Fast Life - Lyrics Azet

Klicken Sie hier um das Quiz zu spielen!

Allgemein

  • Dieses Quiz wurde 48 mal gespielt
  • Das Durchschnittsergebnis liegt bei 202 aus 359

Antwortstatistiken

Antwort% Korrekt
die
84%
den
81%
ich
78%
Ich
78%
in
78%
bin
75%
du
75%
Du
75%
Fast
75%
KMN
75%
Life,
75%
Life
75%
fuck
72%
Neun
72%
police
72%
schieß,
72%
schieß
72%
Schieß,
72%
Sie
72%
sie
72%
the
72%
und
72%
zu
72%
oder
69%
rein
69%
Renn
69%
weiß
69%
wer
69%
Bank
66%
bis
66%
Bleiben
66%
da,
66%
Ja,
66%
Jeans
66%
Jungs
66%
mit
66%
Sind
66%
sind
66%
uns
66%
uns,
66%
unter
66%
wie
66%
wir
66%
Wir
66%
Beef,
63%
bunt
63%
hatte
63%
im
63%
Sag
63%
Sag,
63%
Tag
63%
Umsatz
63%
will
63%
yallah
63%
yallah,
63%
zählen
63%
110
59%
Ali
59%
auf
59%
er
59%
Gang,
59%
hab
59%
jeden
59%
Jeden
59%
Massari
59%
nicht
59%
beschäftigt,
56%
beschäftigt
56%
bleibt
56%
Bruder
56%
Brüder
56%
Check,
56%
dein
56%
fickte
56%
fliehen
56%
früher
56%
gar
56%
Heimat
56%
Krieg
56%
Mein
56%
mein
56%
Money,
56%
Mutter
56%
nichts
56%
unterwegs
56%
viel'
56%
wählst
56%
Was
56%
alle
53%
Block
53%
der
53%
Fingernägel
53%
Geld
53%
hier
53%
Hier
53%
ist
53%
Kokain
53%
Koks-,
53%
Kopf
53%
Mama
53%
mussten
53%
nahm
53%
Rapper
53%
sehr
53%
Twitter
53%
vom
53%
zum
53%
am
50%
An
50%
bezahlt,
50%
Das
50%
echt,
50%
fressen
50%
frontal
50%
kaputt,
50%
krass?
50%
krass,
50%
Miete
50%
Papa
50%
Probleme
50%
schicken
50%
sticht
50%
strecken
50%
Tränen
50%
viele
50%
von
50%
wurde
50%
10
47%
alles
47%
Crack-,
47%
Denn
47%
Film,
47%
Kieferorthopäd
47%
leb,
47%
Mercedes
47%
sehen
47%
Straße
47%
Unternehmen
47%
verlieren,
47%
vor
47%
wallah,
47%
wissen,
47%
Anklage
44%
aus
44%
Filme,
44%
hören,
44%
Jagd,
44%
links,
44%
mach
44%
Nase
44%
noch
44%
Party,
44%
platzt
44%
rechts
44%
spiel
44%
war
44%
Wasser
44%
Cops
41%
dafür,
41%
dass
41%
drehen
41%
drinsteckt
41%
groß,
41%
Haft
41%
Haft,
41%
hoffe,
41%
immer
41%
Jahre
41%
Kamen
41%
Mannschaft
41%
Non-
41%
Nuttensohn,
41%
rede
41%
sorgen
41%
Stop
41%
ticken
41%
versammelter
41%
wenn
41%
100
38%
Anfang
38%
Angst
38%
Brot,
38%
draußen
38%
draußen,
38%
drei
38%
fehlt
38%
gesehen
38%
hast
38%
Kilo
38%
Kino
38%
LKA,
38%
mehr
38%
Mille
38%
mir
38%
Piece-
38%
Pussy,
38%
schuldest
38%
unschuldig
38%
verzeihst,
38%
wirst
38%
Zuhause
38%
Blackberry
34%
erst
34%
haben
34%
keine
34%
querschnittsgelähmt
34%
Schießerei,
34%
Euro
31%
jetzt
31%
Sonderkommission
31%
Baby,
28%
Möbelboss,
28%
Samsunghandys
28%
Ah,
25%
Digger,
25%
los?
25%
offen
25%
Wechselkarten
25%
Herr
22%
hol
19%
Gazan
9%
Chayye
0%

Verteilung der Resultate

Perzentil nach korrekt beantworteten Fragen

Anzahl Personen mit jedem Resultat

Ihre Resultats-Entwicklung

Sie haben dieses Quiz noch nicht gespielt